000 00636nam a2200193 4500
999 _c169087
_d169087
005 20191105124007.0
010 _aENG-126820
020 _c250.00
035 _aEN-110352
037 _bDBAD/PUB
082 _aS
245 _aShort stories from Pakistan :
_ced.by Intizar Hussain [and] Asif Farrukhi
_bfifty years of Pakistani short stories /
260 _a New Delhi
_bSahitya Akademi
_c2018
270 _aRabindra Bhavan, 35, Ferozeshah Road, New Delhi
_e110001
_msecretary@sahitya.akademi.gov.in
_k011-23386626
300 _a334p.
_c22cm(Hb)
700 _aHussain, Intizar
700 _aAsif Farrukhi
942 _2ddc
_cEN
_hS
_mSHO